| 000 | 01612cam a22002655a 4500 | ||
|---|---|---|---|
| 001 | L137991 | ||
| 008 | 070510s2007 xxk f 000 0 eng d | ||
| 020 |
_a9781905018406 _a9781905018383 |
||
| 035 | _a(Sirsi) u137991 | ||
| 041 | 0 | _aeng | |
| 050 | 0 | 4 | _a333.33 $2 18 |
| 100 | 1 | _aHickman, Paul | |
| 245 | 0 | 0 |
_aUnderstanding housing demand _blearning from rising markets in Yorkshire and the Humber _h[electronic resource] |
| 260 |
_aLondon _bChartered Institute of Housing _c2007 |
||
| 520 | _aAttempts to explain housing market demand by focusing on rising markets. Considers residential mobility to be affected by four factors: resources, identities, residential perceptions and notions of place. Distinct mobility groups are identified within the study's areas. Argues that greater analysis should be undertaken on what market fluctuations signify. Policy-makers should pay more attention to local people and motivational factors. They should be cautious when intervening in the market as groups may not react as a group or as intended. Concludes that the capacity to manage markets is limited. Attention should be paid to housing quality and neighbourhood function, rather than concentrating on price increases. | ||
| 590 | _aKA | ||
| 651 | 4 |
_aUnited Kingdom _y |
|
| 690 | _aPROPERTY-RESIDENTIAL PROPERTY-RESIDENTIAL PROPERTY MARKET | ||
| 700 | 1 | _aRobinson, David | |
| 700 | 1 | _aCasey, Rionach | |
| 700 | 1 | _aGreen, Stephen | |
| 700 | 1 | _aPowell, Ryan | |
| 856 | 4 | 0 |
_uhttps://www.shu.ac.uk/cresr/publications/publication_downloads.html _zView the item free of charge at www.shu.ac.uk... |
| 942 | _n0 | ||
| 999 |
_c106966 _d106966 |
||